000 00278nam a22001337a 4500
008 180302b xxu||||| |||| 00| 0 eng d
020 _a9780030379819
041 _aeng
080 _a610
100 _a4
101 _aSHM
245 _aLifetime Health
_cHolt
942 _2udc
_cBK
999 _c44030
_d44030